Sistemas de tierra

שמור ב:
מידע ביבליוגרפי
מחבר ראשי: Garita, Edgar A.
מחברים אחרים: Arias, Carlos ML. Colobarador
פורמט: ספר
שפה:Spanish
יצא לאור: [San José,Costa Rica] 1970
נושאים:
תגים: הוספת תג
אין תגיות, היה/י הראשונ/ה לתייג את הרשומה!

MARC

LEADER 00000nam a2200000Ia 4500
003 001910
005 20221231143939.0
008 140114s1970 cr a 000 ||spa d
040 |c cru CEDI 
100 |a Garita, Edgar A.  |9 20949 
245 |a Sistemas de tierra 
260 |a [San José,Costa Rica]  |c 1970 
300 |a 60 [90] páginas ;ilustraciones  
500 |a A la cabeza de la portada : Instituto Costarricense de Electricidad .Dirección de Telecomunicaciones. Departamento de Planeamiento  
650 |x RESISTENCIA DE TIERRA  |x ELECTRIFICACION  |9 20950 
700 |9 20948  |a Arias, Carlos ML.  |d Colobarador 
942 |2 ddc  |c BK 
999 |c 14647  |d 14647